[Event "Nantes op 6th"]
[Site "Nantes"]
[Date "2007.12.29"]
[Round "7"]
[White "Cobigo, Jean Yves"]
[Black "Chalmel, Jean Hubert"]
[Result "0-1"]
[WhiteElo "1765"]
[BlackElo "1661"]
[PlyCount "26"]
[EventDate "2007.12.26"]
[EventType "swiss"]
[EventRounds "7"]
[EventCountry "FRA"]
[SourceTitle "CBM 122 Extra"]
[Source "ChessBase"]
[SourceDate "2008.03.04"]
[SourceVersion "1"]
[SourceVersionDate "2008.03.04"]
[SourceQuality "1"]

1. e4 e5 2. Nf3 Nc6 3. d4 exd4 4. Bc4 Nf6 5. 0-0 d6 6. c3 d3 7. Re1 Be7 8. e5 dxe5 9. Nxe5 Nxe5 10. Rxe5 0-0 11. Qe1 Bd6 12. Re3 Bf5 13. Bxd3 Bxd3 0-1

[Event "Angers op 1st"]
[Site "Angers"]
[Date "2006.05.08"]
[Round "5"]
[White "Chalmel, Jean Hubert"]
[Black "Cyrille, Dominique"]
[Result "1-0"]
[WhiteElo "1800"]
[BlackElo "1590"]
[PlyCount "155"]
[EventDate "2006.05.06"]
[EventType "swiss"]
[EventRounds "6"]
[EventCountry "FRA"]
[SourceTitle "EXT 2007"]
[Source "ChessBase"]
[SourceDate "2006.11.23"]
[SourceVersion "1"]
[SourceVersionDate "2006.11.23"]
[SourceQuality "1"]

1. d4 d5 2. c4 e6 3. Nc3 Nf6 4. Bg5 Be7 5. Nf3 0-0 6. e3 Nbd7 7. Bd3 dxc4 8. Bxc4 b6 9. 0-0 Bb7 10. Qe2 Rc8 11. Rfd1 c5 12. dxc5 Rxc5 13. Bb5 Bxf3 14. Qxf3 Rxg5 15. Qb7 Rxb5 16. Nxb5 a5 17. Rac1 Bc5 18. Rd3 Qe7 19. Rcd1 Ne5 20. Qxe7 Bxe7 21. Rc3 Nd5 22. Rcc1 Bf6 23. b3 Nb4 24. a3 Nbd3 25. Rc2 Nc5 26. b4 axb4 27. axb4 Na6 28. Rd6 Nxb4 29. Rc1 Nd5 30. e4 Nf4 31. Kf1 Neg6 32. g3 Nh5 33. Rxb6 Be7 34. Rb7 Nf6 35. h4 h5 36. f3 Ne8 37. e5 f6 38. exf6 Nxf6 39. Rcc7 Nd5 40. Rd7 Rxf3+ 41. Kg2 Rd3 42. Rb8+ Kh7 43. Rbb7 Ne3+ 44. Kf2 Ng4+ 45. Ke2 Re3+ 46. Kd2 Bb4+ 47. Kc2 Bf8 48. Nd4 Rxg3 49. Nxe6 Rg2+ 50. Kd1 Ne3+ 51. Ke1 Nf5 52. Nxf8+ Nxf8 53. Rd5 Rh2 54. Rxf5 Rxh4 55. Rxf8 Rg4 56. Rff7 h4 57. Rf3 Kh6 58. Kf2 g6 59. Rbf7 Rb4 60. R7f4 Rb2+ 61. Kg1 g5 62. Rg4 Kh5 63. Rg2 Rb1+ 64. Kh2 Kg6 65. Rf8 Rb5 66. Rg8+ Kh5 67. Rh8+ Kg6 68. Rxh4 Kf6 69. Rhg4 Re5 70. Ra4 Rb5 71. Kg3 Rb3+ 72. Kg4 Rb8 73. Ra6+ Kf7 74. Rf2+ Kg7 75. Kxg5 Rb5+ 76. Rf5 Rb1 77. Ra7+ Kg8 78. Kg6 1-0

[Event "Angers op 1st"]
[Site "Angers"]
[Date "2006.05.08"]
[Round "6"]
[White "Pailhe, Lionel"]
[Black "Chalmel, Jean Hubert"]
[Result "1-0"]
[WhiteElo "2016"]
[BlackElo "1800"]
[PlyCount "39"]
[EventDate "2006.05.06"]
[EventType "swiss"]
[EventRounds "6"]
[EventCountry "FRA"]
[SourceTitle "EXT 2007"]
[Source "ChessBase"]
[SourceDate "2006.11.23"]
[SourceVersion "1"]
[SourceVersionDate "2006.11.23"]
[SourceQuality "1"]

1. e4 c5 2. Nf3 d6 3. d4 cxd4 4. Nxd4 Nf6 5. Nc3 a6 6. f4 e6 7. Be3 Qc7 8. Qf3 Nc6 9. 0-0-0 Be7 10. Rg1 0-0 11. g4 b5 12. g5 Nd7 13. f5 Nde5 14. Qh3 exf5 15. Nd5 Qd8 16. Nxc6 Nxc6 17. Bb6 Qd7 18. Nf6+ gxf6 19. gxf6+ Kh8 20. Rg7 1-0

[Event "Angers op 1st"]
[Site "Angers"]
[Date "2006.05.07"]
[Round "4"]
[White "David, Alexandre"]
[Black "Chalmel, Jean Hubert"]
[Result "1-0"]
[WhiteElo "2157"]
[BlackElo "1800"]
[PlyCount "75"]
[EventDate "2006.05.06"]
[EventType "swiss"]
[EventRounds "6"]
[EventCountry "FRA"]
[SourceTitle "EXT 2007"]
[Source "ChessBase"]
[SourceDate "2006.11.23"]
[SourceVersion "1"]
[SourceVersionDate "2006.11.23"]
[SourceQuality "1"]

1. d4 Nf6 2. Nf3 e6 3. e3 d5 4. Bd3 Be7 5. 0-0 0-0 6. Nbd2 Nbd7 7. b3 c5 8. Bb2 b6 9. Ne5 Nxe5 10. dxe5 Nd7 11. Qh5 g6 12. Qe2 Re8 13. e4 Bf8 14. f4 Bg7 15. c4 d4 16. Nf3 a5 17. a4 Bb7 18. Rae1 Nb8 19. Bc1 Nc6 20. Bd2 Nb4 21. Bxb4 axb4 22. Qf2 Qe7 23. Qg3 Rac8 24. Qh3 Rc7 25. Ng5 h6 26. Nf3 Kh7 27. f5 exf5 28. exf5 Bxf3 29. f6 Bxf6 30. exf6 Qxe1 31. Rxe1 Rxe1+ 32. Kf2 Re3 33. Qg3 Rc6 34. gxf3 Rxd3 35. Qe5 Rxb3 36. Qe7 h5 37. Qxf7+ Kh6 38. h4 1-0